书目信息 |
| 题名: |
宇宙发展史概论
|
|
| 作者: | 康德 著 ;上海外国自然科学哲学著作编译组 译 | |
| 分册: | ||
| 出版信息: | 上海 上海人民出版社 1972 |
|
| 页数: | 225页 | |
| 开本: | 20cm | |
| 丛书名: | ||
| 单 册: | ||
| 中图分类: | P159.3 | |
| 科图分类: | ||
| 主题词: | 恒星天文 , 星系--天文学 , 宇宙学 | |
| 电子资源: | ||
| ISBN: | ||
| 000 | 00805nam0 2200241 450 | |
| 001 | 0743111948 | |
| 005 | 20070730162312.75 | |
| 010 | @dCNY0.45 | |
| 091 | @aCN@b3.1.203 | |
| 100 | @a20070728d1972 km y0chiy0120 ea | |
| 101 | 0 | @achi |
| 102 | @aCN@b310000 | |
| 200 | 1 | @a宇宙发展史概论@Ayu zhou fa zhan shi gai lun@f(德)康德著@F(de)kang de zhu@g上海外国自然科学哲学著作编译组译@Gshang hai wai guo zi ran ke xue zhe xue zhu zuo bian yi zu yi |
| 210 | @a上海@c上海人民出版社@d1972 | |
| 215 | @a225页@d20cm | |
| 606 | 0 | @a恒星天文 |
| 606 | 0 | @a星系@x天文学 |
| 606 | 0 | @a宇宙学 |
| 690 | @aP159.3@v3 | |
| 701 | 0 | @a康德@Akang de@4著 |
| 712 | 02 | @a上海外国自然科学哲学著作编译组@Ashang hai wai guo zi ran ke xue zhe xue zhu zuo bian yi zu@4译 |
| 801 | 0 | @aCN@bPFT@c20070730 |
| 905 | @a10447@dP159.3@e142 | |
| 宇宙发展史概论/(德)康德著/上海外国自然科学哲学著作编译组译.-上海:上海人民出版社,1972 |
| 225页;20cm |
| ISBN :CNY0.45 |
| ● |
| 相关链接 |
|
|
|
|
正题名:宇宙发展史概论
索取号:P159.3/142
 
预约/预借
| 序号 | 登录号 | 条形码 | 馆藏地/架位号 | 状态 | 备注 |
| 1 | 0786725 | 207867254 | 第二样本阅览室/ [索取号:P159.3/142] | 在馆 |